[Event "Oberbayern Bezirksliga 1718"]
[Site "Germany"]
[Date "2018.01.21"]
[Round "5.8"]
[White "Hashagen, Tim"]
[Black "Heinrichsen, Peter"]
[Result "1-0"]
[WhiteElo "1749"]
[BlackElo "1711"]
[PlyCount "111"]
[EventDate "2017.10.22"]
[EventType "team-tourn"]
[EventRounds "9"]
[EventCountry "GER"]
[SourceTitle "EXT 2019"]
[Source "ChessBase"]
[SourceDate "2018.10.10"]
[SourceVersion "1"]
[SourceVersionDate "2018.10.10"]
[SourceQuality "1"]
[WhiteTeam "Fuerstenfeldbruck"]
[BlackTeam "Gauting"]
[WhiteTeamCountry "GER"]
[BlackTeamCountry "GER"]

1. e4 e5 2. Nf3 d6 3. d4 Nf6 4. dxe5 Nxe4 5. Bd3 Nc5 6. 0-0 Nxd3 7. Qxd3 Be7 8. Re1 0-0 9. Nc3 c6 10. exd6 Qxd6 11. Qe4 Bf6 12. Bf4 Qc5 13. Rad1 Bxc3 14. bxc3 Bf5 15. Qe2 Qxc3 16. Bd6 Nd7 17. Bxf8 Nxf8 18. Nd4 Bg6 19. Qd2 Qc4 20. c3 Rd8 21. Qb2 b5 22. Nxc6 Rxd1 23. Ne7+ Kh8 24. Nxg6+ hxg6 25. Rxd1 Ne6 26. Qd2 Kg8 27. Qd5 Qxc3 28. Qxb5 Qc2 29. Qb3 Qe2 30. h3 a5 31. a3 g5 32. Qd3 Qb2 33. Rb1 Qe5 34. Qb5 Qe4 35. Qb7 Qd3 36. Qb3 Qe4 37. Rc1 Qe5 38. Rc8+ Nf8 39. Qc3 Qxc3 40. Rxc3 Ne6 41. Rc8+ Kh7 42. Ra8 f6 43. Rxa5 Nd4 44. Rd5 Ne2+ 45. Kf1 Nc3 46. Rd3 Ne4 47. a4 Nc5 48. Ra3 Kg6 49. a5 Na6 50. Ke2 Kf5 51. Kd3 Nb4+ 52. Kc4 Nc2 53. Rc3 Ne1 54. a6 Nxg2 55. a7 Nf4 56. a8Q 1-0

[Event "Oberbayern Bezirksliga 1718"]
[Site "Germany"]
[Date "2017.10.22"]
[Round "1.8"]
[White "Hashagen, Tim"]
[Black "Poellner, Florian"]
[Result "1-0"]
[WhiteElo "1749"]
[BlackElo "1685"]
[PlyCount "51"]
[EventDate "2017.10.22"]
[EventType "team-tourn"]
[EventRounds "9"]
[EventCountry "GER"]
[SourceTitle "EXT 2019"]
[Source "ChessBase"]
[SourceDate "2018.10.10"]
[SourceVersion "1"]
[SourceVersionDate "2018.10.10"]
[SourceQuality "1"]
[WhiteTeam "Fuerstenfeldbruck"]
[BlackTeam "Freilassing"]
[WhiteTeamCountry "GER"]
[BlackTeamCountry "GER"]

1. e4 e6 2. d4 d5 3. Nc3 dxe4 4. Nxe4 Nd7 5. Nf3 Ngf6 6. Bg5 Be7 7. Nxf6+ Nxf6 8. Bd3 0-0 9. 0-0 h6 10. Bh4 b6 11. Qe2 Bb7 12. Rad1 Qc8 13. Rfe1 c5 14. dxc5 Qxc5 15. c3 Rad8 16. Nd4 Rfe8 17. Bb5 Nd7 18. Nxe6 Bxh4 19. Nxc5 Rxe2 20. Rxe2 Nxc5 21. Rxd8+ Bxd8 22. Re8+ Kh7 23. Rxd8 f5 24. Bd3 Kg6 25. Rd6+ Kg5 26. g3 1-0